| 000 | 00920nac a22002291u 4500 | ||
|---|---|---|---|
| 010 | _a 99027530 | ||
| 020 | _a031409687 : | ||
| 020 | _a0314210970 (alk. paper) : | ||
| 082 | 0 | 0 |
_a658.4 _bA5451 |
| 090 |
_c4581 _d4581 |
||
| 100 | _aAnderson, David Ray, | ||
| 245 | 1 | 3 |
_aAn introduction to management science : _bquantitative approaches to decision making / _cDavid R. Anderson, Dennis J. Sweeney, Thomas A. Williams. |
| 250 | _a8th ed. | ||
| 260 |
_aCincinnati : _bSouth-Western College Pub.,1997. _c1997. |
||
| 300 |
_axxii, 763p. : _bill. ; _c27 cm. |
||
| 504 | _aIncludes bibliographical references and index. | ||
| 650 | 0 | _aManagement science. | |
| 700 | 1 | _aSweeney, Dennis J. | |
| 700 | 1 |
_aWilliams, Thomas Arthur, _d1944- |
|
| 942 |
_cBB _k658.4A5451 |
||
| 999 |
_c4581 _d4581 |
||